Význam oceňovania v bilančnej politike účtovnej jednotky diplomová práca

Enregistré dans:
Détails bibliographiques
Auteur principal: Pilková, Lucia
Collectivité auteur: Fakulta hospodárskej informatiky EU. Katedra účtovníctva a audítorstva
Autres auteurs: Podmanická, Martina, 1977-
Format: Livre
Langue:slovaque
Publié: Bratislava 2015
Tags: Ajouter un tag
Pas de tags, Soyez le premier à ajouter un tag!

MARC

LEADER 00000nbm a2200000 4500
001 0203610
005 20161212113541.9
041 0 |a slo 
044 |a SK 
245 1 0 |a Význam oceňovania v bilančnej politike účtovnej jednotky  |b diplomová práca  |c Lucia Pilková ; školiteľ: Martina Podmanická 
264 1 |a Bratislava  |c 2015 
300 |a 61 s. 
100 1 |a Pilková, Lucia 
700 1 |a Podmanická, Martina, 1977- 
710 2 |a Fakulta hospodárskej informatiky EU. Katedra účtovníctva a audítorstva